House Building: July to September quarter 2003 (Record no. 73792)

MARC details
000 -LEADER
fixed length control field 01007cam a2200205 4500
001 - CONTROL NUMBER
control field WB3943-07
008 - FIXED-LENGTH DATA ELEMENTS--GENERAL INFORMATION
fixed length control field 031113n2003 000 0 eng u
035 ## - SYSTEM CONTROL NUMBER
System control number (Sirsi) u124321
245 ## - TITLE STATEMENT
Title House Building: July to September quarter 2003
260 ## - PUBLICATION, DISTRIBUTION, ETC.
Date of publication, distribution, etc. 2003
490 ## - SERIES STATEMENT
Series statement ODPM News Release
Volume/sequential designation 239 13 November 2003 (3)
520 ## - SUMMARY, ETC.
Summary, etc. New figures have been released on new housing starts and completions in the UK regions. The latest figures for the quarter ending September 2003 show that there were 40 000 housing starts and 34 000 completions in England. This is a 2% and 4% increase respectively on the same period last year. Figures are also given for English regions. Full details can be found at http://www.odpm.gov.uk. For the press release please visit http://www.odpm.gov.uk/pns/DisplayPN.cgi?pn_id=2003_0239.
590 ## - LOCAL NOTE (RLIN)
Local note WB
650 ## - SUBJECT ADDED ENTRY--TOPICAL TERM
Topical term or geographic name entry element HOUSE BUILDING
650 ## - SUBJECT ADDED ENTRY--TOPICAL TERM
Topical term or geographic name entry element NEW HOMES
650 ## - SUBJECT ADDED ENTRY--TOPICAL TERM
Topical term or geographic name entry element HOUSE CONSTRUCTION
650 ## - SUBJECT ADDED ENTRY--TOPICAL TERM
Topical term or geographic name entry element HOUSING STATISTICS
690 ## - LOCAL SUBJECT ADDED ENTRY--TOPICAL TERM (OCLC, RLIN)
Topical term or geographic name as entry element HOUSING-DEVELOPMENT
942 ## - ADDED ENTRY ELEMENTS (KOHA)
Suppress in OPAC 0
Holdings
Withdrawn status Lost status Source of classification or shelving scheme Damaged status Not for loan Home library Current library Shelving location Date acquired Total Checkouts Full call number Barcode Date last seen Copy number Price effective from Koha item type
    Dewey Decimal Classification     London London News article 13/11/2003   WB3943-07 124321-1001 06/08/2019 1 06/08/2019 News article